大宮駅から半径100km圏外の関東地方の駅 - Statistics

General Stats
  • This quiz has been taken 69 times
  • The average score is 41 of 99
Answer Stats
Answer % Correct
黒磯
87%
日立
85%
那須塩原
83%
高萩
82%
水上
78%
西那須野
78%
銚子
78%
長野原草津口
75%
矢板
75%
館山
73%
大前
70%
土合
68%
黒田原
67%
東海
65%
万座・鹿沢口
63%
湯檜曽
63%
大津港
63%
松岸
63%
勝浦
63%
大甕
60%
常陸多賀
60%
鬼怒川温泉
58%
野崎
58%
豊原
58%
高久
57%
常陸大宮
57%
常陸大子
57%
鬼怒川公園
55%
新藤原
53%
磯原
53%
千倉
53%
中之条
52%
大原
50%
御宿
50%
後閑
48%
常陸太田
48%
十王
48%
行川アイランド
48%
上牧
47%
東武ワールドスクウェア
47%
安房小湊
47%
湯西川温泉
45%
佐和
45%
犬吠
45%
南中郷
43%
千歳
43%
上毛高原
42%
外川
42%
男鹿高原
40%
南三原
40%
川治温泉
38%
袋田
38%
小木津
38%
上三依塩原温泉口
37%
猿田
37%
川治湯元
35%
和田浦
35%
中三依温泉
33%
浪花
33%
川原湯温泉
32%
龍王峡
32%
倉橋
32%
本銚子
32%
海鹿島
32%
江見
32%
西海鹿島
30%
九重
30%
群馬原町
28%
阿字ヶ浦
28%
鵜原
28%
太海
28%
椎柴
27%
上総興津
27%
笠上黒生
25%
群馬大津
23%
西金
23%
羽根尾
22%
下野宮
22%
仲ノ町
22%
袋倉
20%
玉川村
18%
上小川
18%
観音
18%
中舟生
17%
額田
17%
君ヶ浜
17%
岩島
15%
野上原
15%
山方宿
15%
下小川
15%
郷原
13%
矢倉
13%
谷河原
13%
殿山
13%
美乃浜学園
13%
河合
12%
平磯
12%
南酒出
10%
磯崎
8%
No matching quizzes found
Score Distribution
Percent of People with Each Score
Percentile by Number Answered
Your Score History
You have not taken this quiz